| 000 -CABECERA |
| Longitud fija campo de control |
00431nam a2200157 a 4500 |
| 001 - NÚMERO DE CONTROL |
| Número de control |
5768 |
| 003 - IDENTIFICADOR DEL NÚMERO DE CONTROL |
| Identificador del número de control |
CDMR |
| 005 - FECHA Y HORA DE LA ÚLTIMA TRANSACCIÓN |
| Fecha y hora de la última transacción |
20131014111139.0 |
| 008 - CÓDIGOS DE INFORMACIÓN DE LONGITUD FIJA |
| Códigos de información de longitud fija |
130130s ||||||||||||||||||||||||||||d |
| 040 ## - FUENTE DE LA CATALOGACIÓN |
| Centro catalogador de origen |
CDMR |
| Lengua de catalogación |
cat |
| Centro transcriptor |
CDMR |
| 245 #3 - MENCIÓN DE TÍTULO |
| Título |
El Sol |
| Resto del título |
: texto de un número de doce páginas (1 de julio de 1928) |
| 260 ## - PUBLICACIÓN, DISTRIBUCIÓN, ETC. (PIE DE IMPRENTA) |
| Lugar de publicación, distribución, etc. |
Madrid |
| Nombre del editor, distribuidor, etc. |
Talleres Espasa-Calpe |
| Fecha de publicación, distribución, etc. |
[s.d.] |
| 300 ## - DESCRIPCIÓN FÍSICA |
| Extensión |
390 p. |
| Dimensiones |
19 cm |
| 610 2# - PUNTO DE ACCESO ADICIONAL DE MATERIA - NOMBRE DE ENTIDAD CORPORATIVA |
| 9 (RLIN) |
3590 |
| Nombre de entidad corporativa o nombre de jurisdicción como elemento inicial |
El Sol (Diari) |
| 942 ## - ENTRADA DE ELEMENTOS AGREGADOS (KOHA) |
| Koha [por defecto] tipo de item |
Monografies |
| Fuente de clasificaión o esquema |
|